000 00999nam a2200289 i 4500
003 DO-SdBNP
005 20231009144909.0
006 a||||gr|||| 00| 0
007 ta
008 231009e2017 sp ||||| |||| 00| e spa d
020 _a9788432147517
040 _aDO-SdBNP
_bspa
_cBNPHU
_erda
082 4 _222
_bL973F 2017
245 1 0 _aLutero 500 años después:
_bbreve historia y teología del protestante. /
_cJoaquín Ferrer, Pablo Blanco
250 _a2a. edición
264 4 _aMadrid, España :
_bRialp, S. A.
_c2017
300 _a189 páginas ;
_c24 cm.
336 _2rdacontent
_atexto
_btxt
337 _2rdamedia
_asin mediación
_bn
338 _2rdacarrier
_avolumen
_bnc
500 _aIncluye datos biográficos de los autores en la solapa de la cubierta
500 _aIncluye biografía y notas al pie de páginas.
590 _aInventariado 2023 / MF
600 4 _aMartín Lutero,
_d1483 - 1546,
_xBiografía
_984417
700 1 _aBlanco, Pablo,
_916296
_eautor
942 _2ddc
_cLBS1
999 _c55126
_d55126